The defense industry
Shranjeno v:
| Glavni avtor: | |
|---|---|
| Format: | Knjiga |
| Jezik: | Undetermined |
| Izdano: |
London
The Mit Press
1980
|
| Teme: | |
| Oznake: |
Označite
Brez oznak, prvi označite!
|
| Thư viện lưu trữ: | Trung tâm Học liệu Trường Đại học Cần Thơ |
|---|
| LEADER | 00525nam a2200205Ia 4500 | ||
|---|---|---|---|
| 001 | CTU_84157 | ||
| 008 | 210402s9999 xx 000 0 und d | ||
| 082 | |a 338.47 | ||
| 082 | |b G199 | ||
| 100 | |a Gansler, Jacques S. | ||
| 245 | 4 | |a The defense industry | |
| 245 | 0 | |c Jacques S. Gansler | |
| 260 | |a London | ||
| 260 | |b The Mit Press | ||
| 260 | |c 1980 | ||
| 650 | |a War | ||
| 650 | |x Economics aspects | ||
| 650 | |z United States | ||
| 904 | |i Qhieu(Sửa) | ||
| 980 | |a Trung tâm Học liệu Trường Đại học Cần Thơ | ||